Electrical Vehicles: Prospects and Challenges (Record no. 11025)

MARC details
000 -LEADER
fixed length control field 00451nam a22001817a 4500
003 - CONTROL NUMBER IDENTIFIER
control field OSt
008 - FIXED-LENGTH DATA ELEMENTS--GENERAL INFORMATION
fixed length control field 211028b ||||| |||| 00| 0 eng d
020 ## - INTERNATIONAL STANDARD BOOK NUMBER
International Standard Book Number 9780128030219
082 ## - DEWEY DECIMAL CLASSIFICATION NUMBER
Classification number 629.2293 MUE
100 ## - MAIN ENTRY--PERSONAL NAME
Personal name MUNEER,Tariq
245 ## - TITLE STATEMENT
Title Electrical Vehicles: Prospects and Challenges
260 ## - PUBLICATION, DISTRIBUTION, ETC. (IMPRINT)
Place of publication, distribution, etc UK
Name of publisher, distributor, etc Elsevier
Date of publication, distribution, etc 2021
300 ## - PHYSICAL DESCRIPTION
Extent 570
650 ## - SUBJECT ADDED ENTRY--TOPICAL TERM
Topical term or geographic name as entry element Electrical Vehicles
700 ## - ADDED ENTRY--PERSONAL NAME
Personal name KOLHE,Mohan Lal
700 ## - ADDED ENTRY--PERSONAL NAME
Personal name DOYLE,Aisling
942 ## - ADDED ENTRY ELEMENTS (KOHA)
Source of classification or shelving scheme Dewey Decimal Classification
Koha item type Text Books
Holdings
Withdrawn status Lost status Source of classification or shelving scheme Damaged status Not for loan Collection code Home library Current library Date acquired Source of acquisition Currency Cost, normal purchase price Bill Number Total Checkouts Full call number Acc. no. / Barcode Date last seen Actual Cost, discounted price Bill Date Koha item type Date last borrowed
    Dewey Decimal Classification     B.Tech(ME) PIET C-LIBRARY PIET C-LIBRARY 27/10/2021 Prism Books and Stationery Shop IN Rupees 10048.00 GST-in 369   629.2293 MUE 33336 28/10/2021 7536.50 27/10/2021 Text Books  
    Dewey Decimal Classification     B.Tech(ME) PIET C-LIBRARY PIET C-LIBRARY 27/10/2021 Prism Books and Stationery Shop IN Rupees 10048.00 GST-in 369 1 629.2293 MUE 33337 03/03/2022 7536.50 27/10/2021 Text Books 09/11/2021

Design & Developed by: PIET Central Library
R70 Miles Stone Pattikalyana Samalkha Panipat 132102
mail ID :- [email protected], Phone No:- 0180-2569700 Ex.216